000 04834nam a2200469 i 4500
001 193618
003 SpMaBN
005 20250731034213.0
007 ta
008 240129m19461951sp r spa
016 7 _abimoBNE19970519678
_zIND9100062376
_2SpMaBN
035 _a(OCoLC)644950130
035 _abimo0000574146
040 _aSpMaBN
_bspa
_cA2
_dES-MaACL
080 _a860-82"19"
080 _a821.134.2-31"19"
100 1 _aBaroja, Pío,
_d1872-1956
_eaut
_925752
245 1 0 _aObras completas /
_cPío Baroja
260 _aMadrid :
_bBiblioteca Nueva,
_c1946-1951
300 _a8 volúmenes ;
_c22 cm
336 _2rdacontent
_aTexto
337 _2rdamedia
_asin mediación
338 _2rdacarrier
_avolumen
500 _aTexto a 2 columnas
500 _aReferencias al Ateneo de Madrid en: Galería de tipos de la época
505 0 _aI. La casa de Aizgorri; El Mayorazgo de Labraz; Zalacaín el aventurero; La busca; Mala hierba. Aurora roja; La feria de los discretos; Los últimos románticos; Las tragedias grotescas; El gran torbellino del mundo; Las veleidades de la fortuna; Los amores tardíos (XV, 1389 p., 1 lám. (retr. del autor) - II. La vida fantástica: Aventuras, inventos y mistificaciones de Silvestre Paradox; Paradox rey; La raza; La dama errante; La ciudad de la niebla; El árbol de la ciencia; Las ciudades: César o nada; El mundo es ansí; La sensualidad pervertida; El mar: Las inquietudes de Shanti Andia; El laberinto de las sirenas; Los pilotos de altura (1459 p.) - III. Memorias de un hombre de acción: El aprendiz de conspirador; El escuadrón del "Brigante"; Los caminos del mundo; Con la pluma y con el sable: (crónica de 1820 a 1823); Los recursos de la astucia; La ruta del aventurero; Los contrastes de la vida; La veleta de Gastizar; Los caudillos de 1830; La Isabelina; El sabor de la venganza; Las furias (1296 p.) - IV. Memorias de un hombre de acción: El amor, el dandismo y la intriga; Las figuras de cera; La nave de los locos; Las mascaradas sangrientas; Humano enigma; La senda dolorosa; Las confidentes audaces; La venta de Mirambel; Crónica escandalosa; Desde el principio hasta el fin; Biografías: Aviraneta, o la vida de un conspirador; Juan Van Halen, el oficial aventurero - V. El tablado de Arlequín; Nuevo tablado de Arlequín; Juventud, egolatría; Las horas solitarias; Momentum catastroficum; Divagaciones apasionadas; Tres generaciones; Intermedios; Vitrina pintoresca; Rapsodias; Pequeños ensayos; Artículos - VI. La vida fantástica: Camino de perfección; El mar: La estrella del capitán Chionista; La selva oscura: La familia de Errotache; El cabo de las tormentas; Los visionarios; La juventud perdida: Las noches del Buen Retiro; El cura de Monleón; Locuras de carnaval; Vidas sombrías (cuentos); Teatro: La leyenda de Jaun de Alzate; El nocturno del hermano Beltrán; Todo sale bien... a veces; El horroroso crimen de Peñaranda del Campo - VII. Susana o Los cazadores de moscas (novela); Los impostores joviales y El tesoro del holandés; Yan-Si-Pao o La svástica de oro; Los buscadores de tesoros (novela); Laura o La soledad sin remedio (novela); El caballero de Erláiz (novela); Memorias: Desde la última vuelta del camino: I. El escritor según él y según los críticos; II. Familia, infancia y juventud; III. Final del siglo XIX y principios del XX; IV. Galería de tipos de la época; V. La intuición y el estilo; VI. Reportajes; VII. Bagatelas de otoño (1369 p.) - VIII. El puente de las ánimas; Días aciagos; El hotel del cisne (novela); Los enigmáticos (historias) saturnales: El cantor vagabundo (novela); Cuentos; Teatro; Ensayos; Otros ensayos; Poesías; Las veladas del chalet gris (comentarios y anécdotas) (1138 p.)
600 1 4 _aBaroja, Pío,
_d1872-1956
_925752
610 2 4 _aAteneo de Madrid-
_vHistoria-
_vRelatos personales
_91926
650 7 _2embne
_9233904
_aNovelas
650 7 _2embne
_9175847
_aCuentos
852 _aES-MaACL
_bR.31038
_bR.M.4918
_cSVI
_jD-5303
_p1
_zRevisado y localizado enero 2024
_9201113
852 _aES-MaACL
_bR.M.4919
_cSVI
_jD-5304
_p2
_9201114
_zRevisado y localizado enero 2024
852 _aES-MaACL
_bR.M.4920
_cSVI
_jD-5305
_p3
_9201115
_zRevisado y localizado enero 2024
852 _aES-MaACL
_bR.M.4921
_cSVI
_jD-5306
_p4
_9201116
_zRevisado y localizado enero 2024
852 _aES-MaACL
_bR.M.4922
_cSVI
_jD-5307
_p5
_9201117
_zRevisado y localizado enero 2024
852 _aES-MaACL
_bR.M.4923
_bR.31038
_cSVI
_jD-5308
_p6
_9201118
_zRevisado y localizado enero 2024
852 _aES-MaACL
_bR.M.4924
_bR.31038
_cSVI
_jD-5309
_p7
_9201119
_zRevisado y localizado enero 2024
852 _aES-MaACL
_bR.M.4925
_bR.38775
_cSVI
_jD-5310
_p8
_9201120
_zRevisado y localizado enero 2024
942 _n0
_cMONOGRAFIA
999 _c193618
_d193618